| 000 | 02204nam a2200277 a 4500 | ||
|---|---|---|---|
| 008 | 180914s2016 ||||||||||||||||| || u | ||
| 020 | _a9781292115207 | ||
| 050 | _aHB 172.5 Gar | ||
| 100 | _aGartner, Manfred | ||
| 245 | 1 | 0 |
_aMacroeconomics. (5th edition) _cBy Manfred Gartner |
| 250 | _a5th edition | ||
| 260 |
_aHarlow _bPearson _c2016 |
||
| 300 | _axxi, 569 pages : illustration | ||
| 350 | _a71.35 | ||
| 650 | 0 | _aMACROECONOMICS | |
| 995 |
_aMAIN LIBRARY OPEN ACCESS _e748664 _FCBU-MAIN LIBRARY (Kitwe) _I71.35 _jHB 172.5 Gar _M2 _UAVAILABLE _WSep 21, 2018 _y748664 _ZMain Library Open Access Collection |
||
| 995 |
_aMEDICAL LIBRARY OPEN ACCESS _e904210 _FCBU-SCHOOL OF MEDICINE LIBRARY (Ndola) _I71.35 _jHB 172.5 Gar _M15 _UAVAILABLE _WJun 25, 2019 _y904210 _ZMedical Library Open Access Collection |
||
| 995 |
_aMAIN LIBRARY OPEN ACCESS _e749079 _FCBU-MAIN LIBRARY (Kitwe) _I71.35 _jHB 172.5 Gar _M10 _UAVAILABLE _WJun 6, 2019 _y749079 _ZMain Library Open Access Collection |
||
| 995 |
_aMAIN LIBRARY OPEN ACCESS _e749184 _FCBU-MAIN LIBRARY (Kitwe) _I71.35 _jHB 172.5 Gar _M11 _UAVAILABLE _WJun 6, 2019 _y749184 _ZMain Library Open Access Collection |
||
| 995 |
_aMEDICAL LIBRARY OPEN ACCESS _e904238 _FCBU-SCHOOL OF MEDICINE LIBRARY (Ndola) _I71.35 _jHB 172.5 Gar _M13 _UAVAILABLE _WJun 25, 2019 _y904238 _ZMedical Library Open Access Collection |
||
| 995 |
_aMAIN LIBRARY OPEN ACCESS _e749078 _FCBU-MAIN LIBRARY (Kitwe) _I71.35 _jHB 172.5 Gar _M9 _UAVAILABLE _WJun 6, 2019 _y749078 _ZMain Library Open Access Collection |
||
| 995 |
_aMEDICAL LIBRARY OPEN ACCESS _e904209 _FCBU-SCHOOL OF MEDICINE LIBRARY (Ndola) _I71.35 _jHB 172.5 Gar _M14 _UAVAILABLE _WJun 25, 2019 _y904209 _ZMedical Library Open Access Collection |
||
| 995 |
_aMEDICAL LIBRARY OPEN ACCESS _e904211 _FCBU-SCHOOL OF MEDICINE LIBRARY (Ndola) _I71.35 _jHB 172.5 Gar _M16 _UAVAILABLE _WJun 25, 2019 _y904211 _ZMedical Library Open Access Collection |
||
| 995 |
_aMAIN LIBRARY OPEN ACCESS _e748663 _FCBU-MAIN LIBRARY (Kitwe) _I71.35 _jHB 172.5 Gar _M1 _UAVAILABLE _WSep 21, 2018 _y748663 _ZMain Library Open Access Collection |
||
| 995 |
_aMAIN LIBRARY OPEN ACCESS _e749185 _FCBU-MAIN LIBRARY (Kitwe) _I71.35 _jHB 172.5 Gar _M12 _UAVAILABLE _WJun 6, 2019 _y749185 _ZMain Library Open Access Collection |
||
| 999 |
_c82306 _d82306 |
||